[Event "Open"]
[Site "Saint Louis, US"]
[Date "2025.10.18"]
[Round "6"]
[White "Woodward, Andy"]
[Black "Swiercz, Dariusz"]
[Result "1-0"]
[Board "1"]
[WhiteFideId "30953499"]
[BlackFideId "1126881"]
[WhiteTitle "GM"]
[BlackTitle "GM"]
[WhiteElo "2590"]
[BlackElo "2577"]
[WhiteTeam "USA"]
[BlackTeam "USA"]
[WhiteClock "0:29:10"]
[BlackClock "0:01:35"]
[Variant "Standard"]

1. d4 {[%clk 1:30:55]}  d5 {[%clk 1:30:26]} 2. Nf3 {[%clk 1:31:07]}  e6 {[%clk 1:30:45]} 3. g3 {[%clk 1:27:30]}  b6 {[%clk 1:30:40]} 4. c4 {[%clk 1:25:13]}  dxc4 {[%clk 1:30:44]} 5. Bg2 {[%clk 1:24:09]}  Bb7 {[%clk 1:30:53]} 6. Qa4+ {[%clk 1:22:36]}  Nd7 {[%clk 1:30:48]} 7. Bg5 {[%clk 1:13:56]}  Be7 {[%clk 1:24:19]} 8. Bxe7 {[%clk 1:14:07]}  Qxe7 {[%clk 1:14:37]} 9. Nbd2 {[%clk 1:08:58]}  Ngf6 {[%clk 1:14:48]} 10. Nxc4 {[%clk 1:07:27]}  O-O {[%clk 1:13:59]} 11. O-O {[%clk 1:07:33]}  c5 {[%clk 1:14:06]} 12. Rfd1 {[%clk 1:05:56]}  Rfc8 {[%clk 0:56:06]} 13. Rac1 {[%clk 1:00:14]}  Rc7 {[%clk 0:43:14]} 14. Qa3 {[%clk 0:52:33]}  Rac8 {[%clk 0:39:13]} 15. Nfe5 {[%clk 0:45:18]}  Bxg2 {[%clk 0:24:53]} 16. Kxg2 {[%clk 0:45:18]}  Qf8 {[%clk 0:25:00]} 17. Nxd7 {[%clk 0:35:37]}  Nxd7 {[%clk 0:16:10]} 18. dxc5 {[%clk 0:33:37]}  Nxc5 {[%clk 0:16:37]} 19. Nd6 {[%clk 0:33:00]}  Rd8 {[%clk 0:09:25]} 20. Nb5 {[%clk 0:33:20]}  Rcd7 {[%clk 0:02:29]} 21. Rxd7 {[%clk 0:33:43]}  Rxd7 {[%clk 0:02:58]} 22. b4 {[%clk 0:33:22]}  Ne4 {[%clk 0:02:15]} 23. Nxa7 {[%clk 0:33:05]}  Nd6 {[%clk 0:02:14]} 24. Nc6 {[%clk 0:32:13]}  b5 {[%clk 0:01:21]} 25. Qd3 {[%clk 0:30:14]}  Rc7 {[%clk 0:01:21]} 26. Rc5 {[%clk 0:30:22]}  Nc4 {[%clk 0:00:48]} 27. a4 {[%clk 0:28:58]}  h6 {[%clk 0:00:36]} 28. axb5 {[%clk 0:28:31]}  Nb6 {[%clk 0:01:01]} 29. e4 {[%clk 0:28:08]}  Rd7 {[%clk 0:01:18]} 30. Qe3 {[%clk 0:28:21]}  Rb7 {[%clk 0:01:14]} 31. Rc3 {[%clk 0:28:36]}  Nd7 {[%clk 0:01:18]} 32. Rd3 {[%clk 0:28:46]}  Qe8 {[%clk 0:01:20]} 33. Qd2 {[%clk 0:28:43]}  Kh7 {[%clk 0:01:31]} 34. Rd6 {[%clk 0:28:44]}  Qc8 {[%clk 0:01:28]} 35. Na5 {[%clk 0:28:27]}  Rc7 {[%clk 0:01:38]} 36. b6 {[%clk 0:28:49]}  Rc2 {[%clk 0:01:35]} 37. b7 {[%clk 0:29:10]} 1-0

[Event "Open"]
[Site "Saint Louis, US"]
[Date "2025.10.18"]
[Round "6"]
[White "Oparin, Grigoriy"]
[Black "Shankland, Sam"]
[Result "1/2-1/2"]
[Board "2"]
[WhiteFideId "24125890"]
[BlackFideId "2004887"]
[WhiteTitle "GM"]
[BlackTitle "GM"]
[WhiteElo "2661"]
[BlackElo "2654"]
[WhiteTeam "USA"]
[BlackTeam "USA"]
[WhiteClock "0:12:03"]
[BlackClock "0:16:39"]
[Variant "Standard"]

1. e4 {[%clk 1:30:57]}  c6 {[%clk 1:30:49]} 2. d4 {[%clk 1:31:21]}  d5 {[%clk 1:31:14]} 3. e5 {[%clk 1:31:47]}  Bf5 {[%clk 1:31:36]} 4. Nd2 {[%clk 1:32:08]}  e6 {[%clk 1:31:55]} 5. Nb3 {[%clk 1:32:32]}  Nd7 {[%clk 1:32:07]} 6. h4 {[%clk 1:31:19]}  h5 {[%clk 1:29:52]} 7. Be2 {[%clk 1:29:55]}  c5 {[%clk 1:20:58]} 8. dxc5 {[%clk 1:28:39]}  Qc7 {[%clk 1:17:39]} 9. Be3 {[%clk 1:16:00]}  Nxe5 {[%clk 1:11:13]} 10. Nf3 {[%clk 1:08:24]}  Nxf3+ {[%clk 1:09:46]} 11. Bxf3 {[%clk 1:08:49]}  Nf6 {[%clk 1:09:20]} 12. Qe2 {[%clk 1:00:11]}  Be7 {[%clk 0:58:36]} 13. c4 {[%clk 0:52:55]}  Be4 {[%clk 0:56:17]} 14. cxd5 {[%clk 0:47:08]}  Bxd5 {[%clk 0:55:21]} 15. Bd4 {[%clk 0:42:46]}  Bxf3 {[%clk 0:53:55]} 16. Qxf3 {[%clk 0:41:35]}  O-O {[%clk 0:54:03]} 17. O-O {[%clk 0:40:01]}  Ng4 {[%clk 0:51:08]} 18. g3 {[%clk 0:39:33]}  Bxh4 {[%clk 0:47:47]} 19. Qh1 {[%clk 0:39:17]}  Be7 {[%clk 0:43:22]} 20. Qxh5 {[%clk 0:39:30]}  f5 {[%clk 0:43:41]} 21. Qg6 {[%clk 0:31:21]}  e5 {[%clk 0:38:37]} 22. Qe6+ {[%clk 0:31:29]}  Rf7 {[%clk 0:38:32]} 23. Bc3 {[%clk 0:29:55]}  Bxc5 {[%clk 0:37:35]} 24. Rac1 {[%clk 0:22:50]}  Bb6 {[%clk 0:36:07]} 25. a4 {[%clk 0:20:41]}  e4 {[%clk 0:30:45]} 26. Kg2 {[%clk 0:21:08]}  Qd7 {[%clk 0:30:16]} 27. Qxd7 {[%clk 0:21:32]}  Rxd7 {[%clk 0:30:43]} 28. a5 {[%clk 0:21:39]}  Bc7 {[%clk 0:29:23]} 29. Rfd1 {[%clk 0:17:44]}  Rf7 {[%clk 0:28:05]} 30. Rd5 {[%clk 0:17:15]}  Re8 {[%clk 0:26:28]} 31. Bd4 {[%clk 0:15:55]}  b6 {[%clk 0:21:46]} 32. Rc3 {[%clk 0:09:26]}  Re6 {[%clk 0:18:37]} 33. axb6 {[%clk 0:08:49]}  Bxb6 {[%clk 0:18:26]} 34. Rc8+ {[%clk 0:07:25]}  Kh7 {[%clk 0:18:00]} 35. Nc5 {[%clk 0:07:51]}  Rh6 {[%clk 0:16:05]} 36. b4 {[%clk 0:07:38]}  Rh5 {[%clk 0:12:42]} 37. Re8 {[%clk 0:05:27]}  Rh2+ {[%clk 0:09:27]} 38. Kg1 {[%clk 0:05:53]}  Rh6 {[%clk 0:09:35]} 39. Kg2 {[%clk 0:06:08]}  Rg6 {[%clk 0:08:30]} 40. Ne6 {[%clk 0:01:34]}  Bxd4 {[%clk 0:05:02]} 41. Rxd4 {[%clk 0:01:45]}  Nf6 {[%clk 0:02:15]} 42. Rf8 {[%clk 0:26:27]}  Re7 {[%clk 0:31:12]} 43. Nf4 {[%clk 0:22:19]}  Rg4 {[%clk 0:29:45]} 44. Rd1 {[%clk 0:18:18]}  Kh6 {[%clk 0:27:48]} 45. f3 {[%clk 0:11:46]}  exf3+ {[%clk 0:27:12]} 46. Kxf3 {[%clk 0:12:12]}  Re4 {[%clk 0:24:53]} 47. Rh1+ {[%clk 0:12:07]}  Kg5 {[%clk 0:25:19]} 48. Nh3+ {[%clk 0:11:59]}  Kg6 {[%clk 0:25:42]} 49. Nf4+ {[%clk 0:12:26]}  Rexf4+ {[%clk 0:25:26]} 50. gxf4 {[%clk 0:12:50]}  Nd5 {[%clk 0:25:51]} 51. b5 {[%clk 0:12:19]}  Rxf4+ {[%clk 0:25:59]} 52. Ke2 {[%clk 0:12:20]}  Rg4 {[%clk 0:25:31]} 53. Kf3 {[%clk 0:11:09]}  Nf6 {[%clk 0:22:24]} 54. Ra8 {[%clk 0:09:41]}  Rb4 {[%clk 0:19:17]} 55. Rxa7 {[%clk 0:09:54]}  Rb3+ {[%clk 0:19:39]} 56. Kf4 {[%clk 0:10:19]}  Rb4+ {[%clk 0:18:18]} 57. Kf3 {[%clk 0:10:44]}  Rxb5 {[%clk 0:15:19]} 58. Rg1+ {[%clk 0:11:10]}  Ng4 {[%clk 0:15:46]} 59. Rxg4+ {[%clk 0:11:37]}  fxg4+ {[%clk 0:16:12]} 60. Kxg4 {[%clk 0:12:03]}  Rb4+ {[%clk 0:16:39]} 1/2-1/2

[Event "Open"]
[Site "Saint Louis, US"]
[Date "2025.10.18"]
[Round "6"]
[White "Aronian, Levon"]
[Black "Niemann, Hans Moke"]
[Result "1/2-1/2"]
[Board "3"]
[WhiteFideId "13300474"]
[BlackFideId "2093596"]
[WhiteTitle "GM"]
[BlackTitle "GM"]
[WhiteElo "2722"]
[BlackElo "2738"]
[WhiteTeam "USA"]
[BlackTeam "USA"]
[WhiteClock "0:47:56"]
[BlackClock "0:32:57"]
[Variant "Standard"]

1. d4 {[%clk 1:30:57]}  Nf6 {[%clk 1:30:49]} 2. c4 {[%clk 1:31:24]}  e6 {[%clk 1:30:55]} 3. Nc3 {[%clk 1:31:49]}  Bb4 {[%clk 1:31:15]} 4. e3 {[%clk 1:32:15]}  O-O {[%clk 1:31:34]} 5. a3 {[%clk 1:32:43]}  Bxc3+ {[%clk 1:31:53]} 6. bxc3 {[%clk 1:33:11]}  d6 {[%clk 1:31:58]} 7. f3 {[%clk 1:33:31]}  c5 {[%clk 1:31:59]} 8. Bd3 {[%clk 1:33:47]}  Nc6 {[%clk 1:32:14]} 9. Ne2 {[%clk 1:34:12]}  Na5 {[%clk 1:32:13]} 10. e4 {[%clk 1:33:11]}  Nd7 {[%clk 1:32:20]} 11. O-O {[%clk 1:33:28]}  Nb6 {[%clk 1:32:32]} 12. e5 {[%clk 1:33:25]}  cxd4 {[%clk 1:32:44]} 13. cxd4 {[%clk 1:32:28]}  dxe5 {[%clk 1:33:00]} 14. c5 {[%clk 1:32:49]}  Nd5 {[%clk 1:33:23]} 15. dxe5 {[%clk 1:31:02]}  b6 {[%clk 1:29:31]} 16. Qc2 {[%clk 1:27:02]}  h6 {[%clk 1:29:13]} 17. Rb1 {[%clk 1:27:10]}  Bd7 {[%clk 1:19:34]} 18. Ng3 {[%clk 1:20:24]}  Qc7 {[%clk 1:06:19]} 19. Ne4 {[%clk 1:11:54]}  Nb7 {[%clk 1:06:03]} 20. cxb6 {[%clk 0:54:21]}  Qxc2 {[%clk 1:05:19]} 21. Bxc2 {[%clk 0:54:48]}  axb6 {[%clk 1:05:32]} 22. Bb3 {[%clk 0:54:39]}  Nc5 {[%clk 0:59:13]} 23. Bxd5 {[%clk 0:54:09]}  exd5 {[%clk 0:59:21]} 24. Nd6 {[%clk 0:54:37]}  d4 {[%clk 0:53:08]} 25. Rxb6 {[%clk 0:53:46]}  Rfb8 {[%clk 0:52:42]} 26. Rb4 {[%clk 0:47:30]}  Nb3 {[%clk 0:51:13]} 27. h4 {[%clk 0:46:35]}  Rxb4 {[%clk 0:47:07]} 28. axb4 {[%clk 0:46:01]}  Rb8 {[%clk 0:47:29]} 29. Ba3 {[%clk 0:43:41]}  d3 {[%clk 0:45:26]} 30. Rd1 {[%clk 0:43:39]}  d2 {[%clk 0:44:58]} 31. Bb2 {[%clk 0:44:03]}  Rxb4 {[%clk 0:38:29]} 32. Bc3 {[%clk 0:44:15]}  Rxh4 {[%clk 0:36:26]} 33. Ne4 {[%clk 0:44:38]}  Rxe4 {[%clk 0:30:34]} 34. fxe4 {[%clk 0:45:05]}  Bg4 {[%clk 0:30:57]} 35. Rxd2 {[%clk 0:45:32]}  Nxd2 {[%clk 0:31:05]} 36. Bxd2 {[%clk 0:46:00]}  Be2 {[%clk 0:31:23]} 37. Kf2 {[%clk 0:46:27]}  Bd3 {[%clk 0:31:49]} 38. Ke3 {[%clk 0:46:54]}  Bf1 {[%clk 0:32:15]} 39. Kf2 {[%clk 0:47:22]}  Bd3 {[%clk 0:32:39]} 40. Ke3 {[%clk 0:47:50]}  Bf1 {[%clk 0:33:05]} 41. Kf2 {[%clk 0:47:56]}  Bd3 {[%clk 0:32:57]} 1/2-1/2

[Event "Open"]
[Site "Saint Louis, US"]
[Date "2025.10.18"]
[Round "6"]
[White "Caruana, Fabiano"]
[Black "So, Wesley"]
[Result "1/2-1/2"]
[Board "4"]
[WhiteFideId "2020009"]
[BlackFideId "5202213"]
[WhiteTitle "GM"]
[BlackTitle "GM"]
[WhiteElo "2789"]
[BlackElo "2756"]
[WhiteTeam "USA"]
[BlackTeam "USA"]
[WhiteClock "0:11:03"]
[BlackClock "0:11:31"]
[Variant "Standard"]

1. Nf3 {[%clk 1:30:56]}  d5 {[%clk 1:30:02]} 2. c4 {[%clk 1:31:14]}  e6 {[%clk 1:28:50]} 3. g3 {[%clk 1:31:34]}  Nf6 {[%clk 1:28:33]} 4. Bg2 {[%clk 1:31:54]}  d4 {[%clk 1:28:58]} 5. O-O {[%clk 1:32:06]}  Nc6 {[%clk 1:29:22]} 6. d3 {[%clk 1:32:31]}  Bc5 {[%clk 1:29:32]} 7. Nbd2 {[%clk 1:32:50]}  O-O {[%clk 1:29:53]} 8. Nb3 {[%clk 1:33:12]}  Be7 {[%clk 1:30:17]} 9. h3 {[%clk 1:33:34]}  a5 {[%clk 1:23:53]} 10. e3 {[%clk 1:33:54]}  e5 {[%clk 1:24:15]} 11. exd4 {[%clk 1:34:19]}  exd4 {[%clk 1:24:40]} 12. a4 {[%clk 1:34:44]}  Bb4 {[%clk 1:16:08]} 13. Bd2 {[%clk 1:35:07]}  Bf5 {[%clk 1:14:29]} 14. Qc2 {[%clk 1:33:43]}  Re8 {[%clk 0:53:56]} 15. Rae1 {[%clk 1:16:57]}  Qd6 {[%clk 0:49:32]} 16. g4 {[%clk 1:15:46]}  Bd7 {[%clk 0:41:50]} 17. c5 {[%clk 1:10:23]}  Qf8 {[%clk 0:42:11]} 18. Rxe8 {[%clk 1:09:49]}  Rxe8 {[%clk 0:41:27]} 19. Bf4 {[%clk 1:09:40]}  Rc8 {[%clk 0:35:21]} 20. Rc1 {[%clk 1:07:29]}  h5 {[%clk 0:30:37]} 21. g5 {[%clk 1:07:30]}  Nd5 {[%clk 0:31:04]} 22. Bg3 {[%clk 1:07:41]}  b6 {[%clk 0:27:55]} 23. g6 {[%clk 0:50:22]}  Nde7 {[%clk 0:26:54]} 24. gxf7+ {[%clk 0:50:36]}  Qxf7 {[%clk 0:27:22]} 25. Ng5 {[%clk 0:50:55]}  Qg6 {[%clk 0:27:10]} 26. h4 {[%clk 0:50:05]}  Kh8 {[%clk 0:26:07]} 27. cxb6 {[%clk 0:39:14]}  cxb6 {[%clk 0:26:35]} 28. Qc4 {[%clk 0:39:18]}  Qf6 {[%clk 0:23:21]} 29. Qb5 {[%clk 0:30:42]}  Qf5 {[%clk 0:21:10]} 30. Qa6 {[%clk 0:23:06]}  Rf8 {[%clk 0:21:20]} 31. Qb7 {[%clk 0:20:07]}  Be8 {[%clk 0:13:42]} 32. Bxc6 {[%clk 0:15:17]}  Bxc6 {[%clk 0:11:53]} 33. Rxc6 {[%clk 0:15:43]}  Qxd3 {[%clk 0:12:14]} 34. Re6 {[%clk 0:10:39]}  Nf5 {[%clk 0:11:50]} 35. Be5 {[%clk 0:07:52]}  Qxb3 {[%clk 0:11:03]} 36. Rh6+ {[%clk 0:06:15]}  Kg8 {[%clk 0:11:32]} 37. Rh7 {[%clk 0:06:36]}  Rf7 {[%clk 0:04:53]} 38. Nxf7 {[%clk 0:07:02]}  Kxh7 {[%clk 0:04:47]} 39. Ng5+ {[%clk 0:07:28]}  Kh6 {[%clk 0:05:36]} 40. Qxb6+ {[%clk 0:06:41]}  g6 {[%clk 0:06:04]} 41. Qf6 {[%clk 0:06:54]}  Qg8 {[%clk 0:04:58]} 42. Nf7+ {[%clk 0:00:42]}  Kh7 {[%clk 0:05:26]} 43. Ng5+ {[%clk 0:01:08]}  Kh6 {[%clk 0:05:54]} 44. Bxd4 {[%clk 0:29:15]}  Nxd4 {[%clk 0:25:11]} 45. Qxd4 {[%clk 0:29:35]}  Qg7 {[%clk 0:24:52]} 46. Qe4 {[%clk 0:17:45]}  Qxb2 {[%clk 0:22:15]} 47. Nf7+ {[%clk 0:17:56]}  Kh7 {[%clk 0:22:11]} 48. Ne5 {[%clk 0:18:11]}  Qc1+ {[%clk 0:22:25]} 49. Kg2 {[%clk 0:18:37]}  Qh6 {[%clk 0:22:52]} 50. Nc6 {[%clk 0:17:12]}  Qf8 {[%clk 0:20:59]} 51. Ne5 {[%clk 0:17:03]}  Qg7 {[%clk 0:16:30]} 52. Nf3 {[%clk 0:16:29]}  Qd7 {[%clk 0:14:25]} 53. Ne5 {[%clk 0:14:56]}  Qg7 {[%clk 0:14:50]} 54. Qd5 {[%clk 0:15:11]}  Qf6 {[%clk 0:13:55]} 55. Nf3 {[%clk 0:15:35]}  Qf4 {[%clk 0:13:09]} 56. Qe6 {[%clk 0:12:01]}  Kg7 {[%clk 0:11:32]} 57. Qd7+ {[%clk 0:11:32]}  Kh6 {[%clk 0:11:20]} 58. Qc6 {[%clk 0:09:28]}  Qg4+ {[%clk 0:10:51]} 59. Kf1 {[%clk 0:09:55]}  Qh3+ {[%clk 0:11:10]} 60. Ke2 {[%clk 0:10:14]}  Qg4 {[%clk 0:10:39]} 61. Kf1 {[%clk 0:10:36]}  Qh3+ {[%clk 0:11:04]} 62. Ke2 {[%clk 0:11:03]}  Qg4 {[%clk 0:11:31]} 1/2-1/2

[Event "Open"]
[Site "Saint Louis, US"]
[Date "2025.10.18"]
[Round "6"]
[White "Liang, Awonder"]
[Black "Sevian, Samuel"]
[Result "1/2-1/2"]
[Board "5"]
[WhiteFideId "2056437"]
[BlackFideId "2040506"]
[WhiteTitle "GM"]
[BlackTitle "GM"]
[WhiteElo "2710"]
[BlackElo "2698"]
[WhiteTeam "USA"]
[BlackTeam "USA"]
[WhiteClock "0:33:44"]
[BlackClock "0:15:07"]
[Variant "Standard"]

1. e4 {[%clk 1:30:59]}  e6 {[%clk 1:30:49]} 2. d4 {[%clk 1:31:24]}  d5 {[%clk 1:31:12]} 3. e5 {[%clk 1:31:49]}  c5 {[%clk 1:31:34]} 4. c3 {[%clk 1:32:18]}  Nc6 {[%clk 1:31:54]} 5. Nf3 {[%clk 1:32:47]}  Bd7 {[%clk 1:31:45]} 6. Be2 {[%clk 1:33:11]}  Nge7 {[%clk 1:31:15]} 7. O-O {[%clk 1:33:35]}  Nf5 {[%clk 1:30:29]} 8. dxc5 {[%clk 1:33:57]}  a5 {[%clk 1:30:41]} 9. Bd3 {[%clk 1:34:19]}  Bxc5 {[%clk 1:31:02]} 10. a4 {[%clk 1:34:36]}  h6 {[%clk 1:28:55]} 11. Qe2 {[%clk 1:34:58]}  Nh4 {[%clk 1:21:37]} 12. Nbd2 {[%clk 1:35:15]}  O-O {[%clk 1:17:16]} 13. Nxh4 {[%clk 1:34:40]}  Qxh4 {[%clk 1:18:09]} 14. Nf3 {[%clk 1:34:55]}  Qh5 {[%clk 1:11:42]} 15. Be3 {[%clk 1:32:51]}  Bxe3 {[%clk 1:01:03]} 16. Qxe3 {[%clk 1:33:16]}  f6 {[%clk 1:01:29]} 17. Bb5 {[%clk 1:27:49]}  Qe8 {[%clk 0:54:53]} 18. exf6 {[%clk 1:20:32]}  Rxf6 {[%clk 0:55:19]} 19. Rfe1 {[%clk 1:20:18]}  Qe7 {[%clk 0:52:55]} 20. Qb6 {[%clk 1:12:43]}  Qd8 {[%clk 0:50:29]} 21. Qc5 {[%clk 1:04:23]}  Qf8 {[%clk 0:49:19]} 22. Qb6 {[%clk 1:02:39]}  Qd8 {[%clk 0:49:26]} 23. Qe3 {[%clk 1:03:01]}  Qc7 {[%clk 0:36:40]} 24. Qd2 {[%clk 1:02:22]}  Raf8 {[%clk 0:35:23]} 25. Re3 {[%clk 1:02:30]}  Ne7 {[%clk 0:32:50]} 26. Rae1 {[%clk 0:55:22]}  Nf5 {[%clk 0:31:33]} 27. R3e2 {[%clk 0:55:39]}  Bxb5 {[%clk 0:25:14]} 28. axb5 {[%clk 0:56:05]}  Qb6 {[%clk 0:25:36]} 29. Ne5 {[%clk 0:50:55]}  Qxb5 {[%clk 0:22:45]} 30. c4 {[%clk 0:49:44]}  Qa4 {[%clk 0:20:04]} 31. Ng4 {[%clk 0:40:44]}  Rg6 {[%clk 0:18:20]} 32. Ne5 {[%clk 0:33:13]}  Rgf6 {[%clk 0:18:37]} 33. Ng4 {[%clk 0:33:25]}  Rg6 {[%clk 0:15:09]} 34. Ne5 {[%clk 0:33:44]}  Rgf6 {[%clk 0:15:07]} 1/2-1/2

[Event "Open"]
[Site "Saint Louis, US"]
[Date "2025.10.18"]
[Round "6"]
[White "Mishra, Abhimanyu"]
[Black "Robson, Ray"]
[Result "1/2-1/2"]
[Board "6"]
[WhiteFideId "30920019"]
[BlackFideId "2023970"]
[WhiteTitle "GM"]
[BlackTitle "GM"]
[WhiteElo "2652"]
[BlackElo "2664"]
[WhiteTeam "USA"]
[BlackTeam "USA"]
[WhiteClock "0:35:28"]
[BlackClock "0:20:42"]
[Variant "Standard"]

1. e4 {[%clk 1:30:56]}  c5 {[%clk 1:28:57]} 2. Nf3 {[%clk 1:31:15]}  d6 {[%clk 1:29:20]} 3. d4 {[%clk 1:31:22]}  cxd4 {[%clk 1:29:42]} 4. Nxd4 {[%clk 1:31:30]}  Nf6 {[%clk 1:30:06]} 5. Bd3 {[%clk 1:30:26]}  Nc6 {[%clk 1:27:26]} 6. Be3 {[%clk 1:30:45]}  Ng4 {[%clk 1:26:19]} 7. Nxc6 {[%clk 1:30:45]}  bxc6 {[%clk 1:26:01]} 8. Bd2 {[%clk 1:31:11]}  g6 {[%clk 1:24:35]} 9. Bc3 {[%clk 1:30:56]}  Nf6 {[%clk 1:23:49]} 10. e5 {[%clk 1:30:38]}  Nd5 {[%clk 1:19:34]} 11. Be4 {[%clk 1:30:05]}  Nxc3 {[%clk 1:18:43]} 12. Bxc6+ {[%clk 1:30:15]}  Bd7 {[%clk 1:19:07]} 13. Bxd7+ {[%clk 1:30:40]}  Qxd7 {[%clk 1:19:33]} 14. Nxc3 {[%clk 1:31:05]}  Bg7 {[%clk 1:18:50]} 15. exd6 {[%clk 1:31:11]}  Bxc3+ {[%clk 1:13:59]} 16. bxc3 {[%clk 1:31:28]}  O-O {[%clk 1:13:36]} 17. O-O {[%clk 1:26:53]}  Qxd6 {[%clk 1:11:48]} 18. Qxd6 {[%clk 1:16:14]}  exd6 {[%clk 1:11:21]} 19. Rfb1 {[%clk 1:15:23]}  Rfe8 {[%clk 0:34:59]} 20. Kf1 {[%clk 1:11:54]}  Re5 {[%clk 0:33:18]} 21. Rb3 {[%clk 1:09:42]}  Rd5 {[%clk 0:32:06]} 22. Re1 {[%clk 0:55:41]}  Rd2 {[%clk 0:26:22]} 23. Rb2 {[%clk 0:52:14]}  Rc8 {[%clk 0:21:10]} 24. Re7 {[%clk 0:42:20]}  Rc5 {[%clk 0:19:33]} 25. Ke1 {[%clk 0:40:43]}  Rdd5 {[%clk 0:19:26]} 26. Rb8+ {[%clk 0:30:22]}  Kg7 {[%clk 0:19:53]} 27. Rbb7 {[%clk 0:30:40]}  Re5+ {[%clk 0:17:03]} 28. Rxe5 {[%clk 0:24:04]}  Rxe5+ {[%clk 0:17:26]} 29. Kd2 {[%clk 0:24:31]}  Ra5 {[%clk 0:17:26]} 30. Rb2 {[%clk 0:19:21]}  Rd5+ {[%clk 0:14:33]} 31. Ke3 {[%clk 0:21:04]}  Re5+ {[%clk 0:14:45]} 32. Kd3 {[%clk 0:15:43]}  Rd5+ {[%clk 0:14:55]} 33. Ke2 {[%clk 0:15:54]}  Re5+ {[%clk 0:15:06]} 34. Kd2 {[%clk 0:16:18]}  Rd5+ {[%clk 0:15:20]} 35. Kc1 {[%clk 0:14:03]}  Ra5 {[%clk 0:07:07]} 36. f4 {[%clk 0:11:16]}  Kf6 {[%clk 0:06:14]} 37. Kd2 {[%clk 0:10:41]}  Ra4 {[%clk 0:04:02]} 38. g3 {[%clk 0:07:51]}  Ke6 {[%clk 0:03:01]} 39. Kd3 {[%clk 0:07:23]}  d5 {[%clk 0:02:59]} 40. Ke3 {[%clk 0:06:36]}  h5 {[%clk 0:02:19]} 41. Kd3 {[%clk 0:35:10]}  Kf6 {[%clk 0:19:30]} 42. Rb5 {[%clk 0:35:07]}  Ke6 {[%clk 0:19:51]} 43. Rb2 {[%clk 0:35:33]}  Kf6 {[%clk 0:20:16]} 44. Rb5 {[%clk 0:35:58]}  Ke6 {[%clk 0:20:42]} 45. Rb2 {[%clk 0:35:28]} 1/2-1/2

[Event "Open"]
[Site "Saint Louis, US"]
[Date "2025.10.19"]
[Round "7"]
[White "Robson, Ray"]
[Black "Aronian, Levon"]
[Result "1/2-1/2"]
[Board "1"]
[WhiteFideId "2023970"]
[BlackFideId "13300474"]
[WhiteTitle "GM"]
[BlackTitle "GM"]
[WhiteElo "2664"]
[BlackElo "2722"]
[WhiteTeam "USA"]
[BlackTeam "USA"]
[WhiteClock "0:30:37"]
[BlackClock "1:27:28"]
[Variant "Standard"]

1. e4 {[%clk 1:30:57]}  e5 {[%clk 1:30:55]} 2. Nf3 {[%clk 1:31:13]}  Nc6 {[%clk 1:31:20]} 3. Bc4 {[%clk 1:31:09]}  Bc5 {[%clk 1:31:45]} 4. d3 {[%clk 1:30:16]}  Nf6 {[%clk 1:32:04]} 5. O-O {[%clk 1:30:08]}  O-O {[%clk 1:31:46]} 6. Re1 {[%clk 1:28:14]}  Ng4 {[%clk 1:30:48]} 7. Re2 {[%clk 1:27:22]}  Kh8 {[%clk 1:31:03]} 8. h3 {[%clk 1:24:47]}  f5 {[%clk 1:30:28]} 9. Bg5 {[%clk 1:22:28]}  Nf6 {[%clk 1:29:36]} 10. Nc3 {[%clk 1:22:36]}  d6 {[%clk 1:29:59]} 11. Nd5 {[%clk 1:22:36]}  fxe4 {[%clk 1:30:21]} 12. dxe4 {[%clk 1:23:02]}  Be6 {[%clk 1:30:44]} 13. Nxf6 {[%clk 1:23:26]}  Bxc4 {[%clk 1:31:09]} 14. Nxh7 {[%clk 1:23:34]}  Rxf3 {[%clk 1:30:55]} 15. Bxd8 {[%clk 1:23:31]}  Bxe2 {[%clk 1:31:21]} 16. Qxe2 {[%clk 1:23:54]}  Rxf2 {[%clk 1:31:46]} 17. Qxf2 {[%clk 1:23:11]}  Bxf2+ {[%clk 1:32:07]} 18. Kxf2 {[%clk 1:23:37]}  Nxd8 {[%clk 1:32:11]} 19. Ng5 {[%clk 1:23:17]}  Kg8 {[%clk 1:32:37]} 20. Rf1 {[%clk 1:12:42]}  Nf7 {[%clk 1:32:28]} 21. Nxf7 {[%clk 1:11:30]}  Kxf7 {[%clk 1:31:37]} 22. Kg3+ {[%clk 1:04:27]}  Ke6 {[%clk 1:31:34]} 23. Rf3 {[%clk 0:32:21]}  c6 {[%clk 1:30:21]} 24. Kf2 {[%clk 0:31:20]}  a5 {[%clk 1:26:38]} 25. Rg3 {[%clk 0:30:29]}  Kf6 {[%clk 1:27:04]} 26. Rf3+ {[%clk 0:30:53]}  Ke6 {[%clk 1:27:32]} 27. Rg3 {[%clk 0:30:51]}  Kf6 {[%clk 1:27:58]} 28. Rf3+ {[%clk 0:30:37]}  Ke6 {[%clk 1:27:28]} 1/2-1/2

[Event "Open"]
[Site "Saint Louis, US"]
[Date "2025.10.19"]
[Round "7"]
[White "Swiercz, Dariusz"]
[Black "Liang, Awonder"]
[Result "1-0"]
[Board "2"]
[WhiteFideId "1126881"]
[BlackFideId "2056437"]
[WhiteTitle "GM"]
[BlackTitle "GM"]
[WhiteElo "2577"]
[BlackElo "2710"]
[WhiteTeam "USA"]
[BlackTeam "USA"]
[WhiteClock "0:01:30"]
[BlackClock "0:01:45"]
[Variant "Standard"]

1. c4 {[%clk 1:30:57]}  e6 {[%clk 1:30:06]} 2. g3 {[%clk 1:30:45]}  Nf6 {[%clk 1:30:15]} 3. Bg2 {[%clk 1:31:11]}  d5 {[%clk 1:30:38]} 4. Nf3 {[%clk 1:31:24]}  dxc4 {[%clk 1:31:00]} 5. Qa4+ {[%clk 1:31:25]}  c6 {[%clk 1:31:17]} 6. Qxc4 {[%clk 1:31:37]}  b5 {[%clk 1:31:35]} 7. Qc2 {[%clk 1:30:35]}  Bb7 {[%clk 1:30:58]} 8. O-O {[%clk 1:30:42]}  Be7 {[%clk 1:27:09]} 9. a4 {[%clk 1:26:54]}  O-O {[%clk 1:16:29]} 10. d3 {[%clk 1:26:07]}  Nbd7 {[%clk 1:10:47]} 11. Nc3 {[%clk 1:19:42]}  Rc8 {[%clk 1:02:54]} 12. Nd2 {[%clk 1:06:31]}  Qb6 {[%clk 0:59:20]} 13. Nde4 {[%clk 1:04:59]}  Nd5 {[%clk 0:55:51]} 14. Bg5 {[%clk 0:53:00]}  f6 {[%clk 0:54:14]} 15. Bd2 {[%clk 0:45:42]}  b4 {[%clk 0:51:37]} 16. Nd1 {[%clk 0:44:02]}  Qc7 {[%clk 0:46:55]} 17. Bh3 {[%clk 0:35:58]}  Kf7 {[%clk 0:46:09]} 18. Rc1 {[%clk 0:33:31]}  c5 {[%clk 0:39:40]} 19. Ne3 {[%clk 0:33:15]}  Nxe3 {[%clk 0:38:48]} 20. Bxe3 {[%clk 0:33:28]}  Bxe4 {[%clk 0:25:08]} 21. dxe4 {[%clk 0:33:38]}  c4 {[%clk 0:25:29]} 22. Rfd1 {[%clk 0:10:37]}  a5 {[%clk 0:25:08]} 23. Qd2 {[%clk 0:09:58]}  Nb6 {[%clk 0:22:49]} 24. Bxe6+ {[%clk 0:10:08]}  Kxe6 {[%clk 0:23:18]} 25. Bxb6 {[%clk 0:10:32]}  Qe5 {[%clk 0:23:21]} 26. Qd5+ {[%clk 0:09:30]}  Qxd5 {[%clk 0:23:45]} 27. exd5+ {[%clk 0:09:59]}  Kd7 {[%clk 0:23:39]} 28. Bxa5 {[%clk 0:09:31]}  Bc5 {[%clk 0:12:26]} 29. d6 {[%clk 0:09:37]}  Rc6 {[%clk 0:12:52]} 30. Bc7 {[%clk 0:06:06]}  Rc8 {[%clk 0:11:10]} 31. Kf1 {[%clk 0:01:43]}  Bxd6 {[%clk 0:11:20]} 32. Bxd6 {[%clk 0:02:07]}  Rxd6 {[%clk 0:11:46]} 33. Ke1 {[%clk 0:02:21]}  Rc7 {[%clk 0:08:07]} 34. Rxd6+ {[%clk 0:00:41]}  Kxd6 {[%clk 0:08:36]} 35. Kd2 {[%clk 0:01:06]}  b3 {[%clk 0:01:25]} 36. Kc3 {[%clk 0:01:09]}  Re7 {[%clk 0:01:36]} 37. Rd1+ {[%clk 0:01:02]}  Kc5 {[%clk 0:02:05]} 38. Rd4 {[%clk 0:00:59]}  Rxe2 {[%clk 0:02:19]} 39. Rxc4+ {[%clk 0:01:27]}  Kd5 {[%clk 0:01:45]} 40. Rd4+ {[%clk 0:01:30]} 1-0